[Event "Mundolsheim-Grenoble"]
[Site "Montrevel en Bresse"]
[Date "2007.11.24"]
[Round "2.4"]
[White "Forgues, Fabien"]
[Black "Duchateau, Thomas"]
[Result "1-0"]
[WhiteElo "2125"]
[BlackElo "2134"]
[PlyCount "115"]
[EventDate "2007.11.24"]
[SourceDate "2007.10.27"]

1. e4 c5 2. Nf3 d6 3. d4 cxd4 4. Nxd4 Nf6 5. f3 a6 6. c4 e6 7. Nc3 Be7 8. Be3
O-O 9. Qd2 Qc7 10. Be2 Nbd7 11. O-O b6 12. Rac1 Bb7 13. Rfd1 Rac8 14. Kh1 Kh8
15. Bf1 Rg8 16. b3 h6 17. Nde2 g5 18. Ng3 Rg7 19. Bd3 Rcg8 20. Bd4 Qb8 21. Na4
Bc6 22. Nc3 Ne5 23. Qe3 Bd8 24. b4 Ba8 25. a3 h5 26. c5 dxc5 27. bxc5 h4 28.
Nf1 b5 29. Rb1 Nc6 30. Ne2 Nxd4 31. Nxd4 Qe5 32. Ne2 Be7 33. Rdc1 Rc8 34. c6
Bxa3 35. Rc3 Bd6 36. Qa7 b4 37. Qxa6 Rgg8 38. Rcc1 Bc5 39. Qb5 Rxc6 40. Rxb4
Rb6 41. Qa5 Rxb4 42. Rxc5 Qb8 43. Rxg5 Rd8 44. Bc2 Bc6 45. Qa1 Rb2 46. Qe1 Nh7
47. Rh5 Rb5 48. e5 f5 49. Qxh4 Rd7 50. Nf4 Qg8 51. Qf6+ Qg7 52. Ng6+ Kg8 53.
Qxe6+ Qf7 54. Qxc6 Rc7 55. Qa8+ Kg7 56. Bxf5 Qg8 57. Rxh7+ Kxh7 58. Ne7+ 1-0

[Event "Mundolsheim-Grenoble"]
[Site "Montrevel en Bresse"]
[Date "2007.11.24"]
[Round "2.5"]
[White "Briet, Antoine"]
[Black "Debray, Francois"]
[Result "1-0"]
[WhiteElo "2169"]
[BlackElo "2157"]
[PlyCount "77"]
[EventDate "2007.11.24"]
[SourceDate "2007.10.27"]

1. e4 Nf6 2. e5 Nd5 3. d4 d6 4. Nf3 Nc6 5. c4 Nb6 6. e6 fxe6 7. Nc3 g6 8. h4
Bg7 9. h5 e5 10. d5 Nd4 11. hxg6 hxg6 12. Rxh8+ Bxh8 13. Bd3 c5 14. Nxd4 exd4
15. Bxg6+ Kd7 16. Nb5 Qg8 17. Qc2 a6 18. Na3 Kc7 19. Bf4 Bd7 20. O-O-O Na4 21.
Qd3 Rf8 22. g3 Bf6 23. Rh1 e5 24. Bd2 Kc8 25. Rh7 Bg7 26. f3 Nb6 27. Bg5 Bf6
28. Bh6 Bd8 29. Bxf8 Qxf8 30. Nb1 Bg5+ 31. Nd2 Qf6 32. Be4 Be3 33. Kd1 Ba4+ 34.
b3 Be8 35. Bf5+ Kb8 36. g4 Bxd2 37. Qxd2 Nc8 38. Qh6 Qd8 39. Qe6 1-0

[Event "Mundolsheim-Grenoble"]
[Site "Montrevel en Bresse"]
[Date "2007.11.24"]
[Round "2.6"]
[White "Calin, Miguel"]
[Black "Martin, Cedric"]
[Result "0-1"]
[WhiteElo "2012"]
[BlackElo "2091"]
[PlyCount "54"]
[EventDate "2007.11.24"]
[SourceDate "2007.10.27"]

1. d4 Nf6 2. Nf3 g6 3. Nc3 d5 4. Bf4 Bg7 5. Qd2 h5 6. Ne5 c5 7. O-O-O Nc6 8.
dxc5 Qa5 9. f3 Be6 10. e3 O-O 11. Nxc6 bxc6 12. Kb1 Rfd8 13. Be2 Kf8 14. h4 Rd7
15. Ne4 Qa4 16. Ng5 Rb7 17. Nxe6+ fxe6 18. c3 Nd7 19. e4 Nxc5 20. exd5 exd5 21.
Rc1 Qa5 22. Rc2 Na4 23. Bh6 Rab8 24. Bxg7+ Kxg7 25. Kc1 Rxb2 26. Qd4+ Kh7 27.
Rxb2 Rxb2 0-1

[Event "Mundolsheim-Grenoble"]
[Site "Montrevel en Bresse"]
[Date "2007.11.24"]
[Round "2.7"]
[White "Hoffmann, Regis"]
[Black "Mahon, Vivien"]
[Result "1-0"]
[WhiteElo "2116"]
[BlackElo "2004"]
[PlyCount "83"]
[EventDate "2007.11.24"]
[SourceDate "2007.10.27"]

1. d4 d5 2. Nf3 Nf6 3. Bg5 Ne4 4. Bf4 c6 5. e3 Bg4 6. Be2 Nd7 7. Ne5 Bxe2 8.
Qxe2 e6 9. f3 Nef6 10. g4 Nxe5 11. dxe5 Nd7 12. Nd2 Qc7 13. e4 d4 14. Nc4 Bb4+
15. Kf1 O-O 16. a3 Be7 17. a4 a6 18. a5 Bc5 19. Bg3 Rfd8 20. Kg2 Nf8 21. h4 Rd7
22. Rad1 Bb4 23. Nb6 Rad8 24. Nxd7 Rxd7 25. Qc4 c5 26. c3 dxc3 27. bxc3 Bxa5
28. Rd6 b5 29. Qd3 c4 30. Qd4 Rxd6 31. exd6 Qc6 32. Ra1 Bd8 33. Qa7 a5 34. Qb8
Bb6 35. d7 Qxd7 36. Qxb6 Qd2+ 37. Bf2 Qxc3 38. Rxa5 g5 39. Qd8 gxh4 40. Ra8 h3+
41. Kg3 Qe5+ 42. Kxh3 1-0

[Event "Mundolsheim-Grenoble"]
[Site "Montrevel en Bresse"]
[Date "2007.11.24"]
[Round "2.8"]
[White "Hourlier, Claire"]
[Black "Sengsavath, Darouny"]
[Result "1-0"]
[WhiteElo "1895"]
[BlackElo "1700"]
[PlyCount "59"]
[EventDate "2007.11.24"]
[SourceDate "2007.10.27"]

1. e4 g6 2. Nc3 Bg7 3. f4 d6 4. Nf3 c5 5. Bc4 Nc6 6. O-O a6 7. a4 Bg4 8. Bxf7+
Kf8 9. Bc4 Nd4 10. Be2 Bxf3 11. Bxf3 Rb8 12. d3 e6 13. f5 gxf5 14. exf5 Nxf5
15. Be4 Nge7 16. g4 Bd4+ 17. Kh1 Qd7 18. gxf5 Nxf5 19. Bh6+ Ke8 20. Bxf5 exf5
21. Qh5+ Qf7 22. Rae1+ Be5 23. Rxf5 Qxh5 24. Rxh5 Kd7 25. Rf5 Rhg8 26. Bf4 Bxf4
27. Rxf4 Rbf8 28. Ref1 Re8 29. Ne4 Re7 30. Nf6+ 1-0

[Event "Strasbourg II-Montrevel en Bresse"]
[Site "Montrevel en Bresse"]
[Date "2007.11.24"]
[Round "2.1"]
[White "Reinhart, Emmanuel"]
[Black "Janev, Evgeni"]
[Result "0-1"]
[WhiteElo "2295"]
[BlackElo "2481"]
[PlyCount "86"]
[EventDate "2007.11.24"]
[SourceDate "2007.10.27"]

1. e4 Nf6 2. Nc3 e5 3. Bc4 d6 4. d3 Be7 5. Nf3 c6 6. Bb3 O-O 7. O-O Nbd7 8. a4
Nc5 9. Ba2 a5 10. Be3 Qc7 11. h3 b6 12. Re1 Be6 13. d4 exd4 14. Nxd4 Bxa2 15.
Rxa2 Nfxe4 16. Nxe4 Nxe4 17. Bf4 Nf6 18. c4 Rfe8 19. Nf5 Bf8 20. b3 Rxe1+ 21.
Qxe1 Qd7 22. g4 d5 23. Be5 Re8 24. Qa1 Re6 25. Bxf6 Rxf6 26. Rd2 Qe6 27. cxd5
cxd5 28. Qd1 g6 29. Ne3 Rf4 30. Rxd5 Bc5 31. Qa1 f6 32. Rd3 Re4 33. Kg2 Kf8 34.
Qc3 Rf4 35. Qd2 Qc6+ 36. Kf1 Qh1+ 37. Ke2 Qf3+ 38. Ke1 Bb4 39. Rc3 Bxc3 40.
Qxc3 Qxf2+ 41. Kd1 Re4 42. Nc2 Qf1+ 43. Ne1 Qe2+ 0-1

[Event "Strasbourg II-Montrevel en Bresse"]
[Site "Montrevel en Bresse"]
[Date "2007.11.24"]
[Round "2.2"]
[White "Lamoureux, Charles"]
[Black "Schwicker, Francois"]
[Result "1-0"]
[WhiteElo "2360"]
[BlackElo "2234"]
[PlyCount "47"]
[EventDate "2007.11.24"]
[SourceDate "2007.10.27"]

1. e4 e5 2. Nf3 Nc6 3. Bc4 Nf6 4. d3 d5 5. exd5 Nxd5 6. O-O Bg4 7. h3 Bh5 8.
Re1 Be7 9. Nbd2 O-O 10. Nf1 Bf6 11. Ng3 Bg6 12. a3 Nb6 13. Ba2 Qd7 14. h4 h6
15. h5 Bh7 16. Nh2 Bh4 17. Ne4 Kh8 18. Nc5 Qd4 19. Be3 Qxb2 20. Nf3 Bf6 21. Bb3
Nd4 22. Nxd4 exd4 23. Bd2 Rae8 24. Ra2 1-0

[Event "Strasbourg II-Montrevel en Bresse"]
[Site "Montrevel en Bresse"]
[Date "2007.11.24"]
[Round "2.3"]
[White "Ricter, Jean Paul"]
[Black "Ivanov, Jordan"]
[Result "0-1"]
[WhiteElo "2180"]
[BlackElo "2370"]
[PlyCount "68"]
[EventDate "2007.11.24"]
[SourceDate "2007.10.27"]

1. c4 g6 2. g3 Bg7 3. Bg2 c5 4. Nc3 Nc6 5. d3 Rb8 6. e4 a6 7. Nge2 b5 8. cxb5
axb5 9. O-O b4 10. Nd5 e6 11. Ne3 Nge7 12. Re1 O-O 13. h4 Bb7 14. Nf4 Nd4 15.
Ng4 f5 16. Nh2 e5 17. Nh3 fxe4 18. dxe4 d5 19. Bg5 dxe4 20. Bxe4 Bxe4 21. Rxe4
h6 22. Bxe7 Qxe7 23. Qg4 Qf7 24. Rf1 Qf5 25. Qxf5 gxf5 26. Ree1 Ra8 27. Ra1 Rf7
28. f3 Rfa7 29. Nf2 Rxa2 30. Rxa2 Rxa2 31. Nd3 c4 32. Nxb4 Rxb2 33. Nd5 Ne2+
34. Kh1 Nxg3+ 0-1

[Event "Strasbourg II-Montrevel en Bresse"]
[Site "Montrevel en Bresse"]
[Date "2007.11.24"]
[Round "2.4"]
[White "Chebance, Benoit"]
[Black "Rocher, Olivier"]
[Result "1/2-1/2"]
[WhiteElo "2010"]
[BlackElo "2140"]
[PlyCount "75"]
[EventDate "2007.11.24"]
[SourceDate "2007.10.27"]

1. e4 c5 2. Nc3 Nc6 3. g3 g6 4. Bg2 Bg7 5. d3 d6 6. Be3 e5 7. Nge2 Nge7 8. Qd2
O-O 9. O-O Nd4 10. f4 Nxe2+ 11. Qxe2 exf4 12. Bxf4 Be6 13. Qd2 Qd7 14. Bh6 b6
15. Bxg7 Kxg7 16. Rf4 g5 17. Rf2 h6 18. Raf1 Rad8 19. Rf6 d5 20. h4 d4 21. Nd5
Bxd5 22. exd5 Nxd5 23. hxg5 Qg4 24. gxh6+ Kh8 25. Rxf7 Rg8 26. h7 Rg5 27. Qf2
Qxg3 28. Qxg3 Rxg3 29. Kh2 Rxg2+ 30. Kxg2 Ne3+ 31. Kg1 Nxf1 32. Kxf1 a6 33. Ke2
Rd6 34. c3 Rh6 35. cxd4 cxd4 36. b4 Rh2+ 37. Rf2 Rxh7 38. Rf4 1/2-1/2

[Event "Strasbourg II-Montrevel en Bresse"]
[Site "Montrevel en Bresse"]
[Date "2007.11.24"]
[Round "2.5"]
[White "Zouhair, Issam"]
[Black "Cavillon, Fabien"]
[Result "0-1"]
[WhiteElo "2062"]
[BlackElo "2098"]
[PlyCount "77"]
[EventDate "2007.11.24"]
[SourceDate "2007.10.27"]

1. e4 e6 2. d4 d5 3. Nd2 Nf6 4. e5 Nfd7 5. f4 c5 6. c3 Nc6 7. Ngf3 Qb6 8. Nb3
c4 9. Nbd2 Qa5 10. g4 h5 11. Ng5 Nxd4 12. cxd4 c3 13. bxc3 Qxc3 14. Rb1 Qxd4
15. Ndf3 Bb4+ 16. Bd2 Qe3+ 17. Be2 Bxd2+ 18. Qxd2 Qxd2+ 19. Nxd2 hxg4 20. Bxg4
Nc5 21. O-O f6 22. Rfc1 b6 23. Rxc5 bxc5 24. Nxe6 Ke7 25. f5 Bxe6 26. Rb7+ Bd7
27. e6 Rhd8 28. Nb3 Kd6 29. exd7 c4 30. Nd4 Rxd7 31. Rb2 Ke5 32. Ne6 Rc8 33.
Re2+ Kd6 34. Kf2 Rb7 35. Ke3 c3 36. Kd3 Rb2 37. Rc2 Rxc2 38. Kxc2 Ke5 39. h3
0-1

[Event "Strasbourg II-Montrevel en Bresse"]
[Site "Montrevel en Bresse"]
[Date "2007.11.24"]
[Round "2.6"]
[White "Lamoureux, Izabelle"]
[Black "Ouadi, Ali"]
[Result "1-0"]
[WhiteElo "2084"]
[BlackElo "1936"]
[PlyCount "97"]
[EventDate "2007.11.24"]
[SourceDate "2007.10.27"]

1. e4 c5 2. Nf3 d6 3. d4 cxd4 4. Nxd4 Nf6 5. Nc3 a6 6. Be2 e5 7. Nb3 Be7 8. O-O
O-O 9. a4 b6 10. Re1 Qc7 11. Nd5 Nxd5 12. Qxd5 Bb7 13. Qd3 Nd7 14. Be3 Rac8 15.
Bg4 Rfd8 16. c3 Qc6 17. f3 d5 18. exd5 Qxd5 19. Qe2 Qc6 20. Qf2 Qd5 21. Qc2 Qc6
22. Red1 Rc7 23. Qf2 Nf6 24. Rxd8+ Bxd8 25. Bxb6 Nxg4 26. fxg4 Rd7 27. Bxd8
Rxd8 28. Na5 Qc7 29. Nxb7 Qxb7 30. h3 Rb8 31. Rd1 f6 32. b4 Qc6 33. Qa7 Ra8 34.
Qd7 Qxd7 35. Rxd7 Rc8 36. Ra7 Rxc3 37. Rxa6 Rc2 38. b5 Kf7 39. b6 Rb2 40. a5 e4
41. Kf1 Kg6 42. Ra7 h5 43. gxh5+ Kf5 44. Rxg7 Kf4 45. h6 Ke3 46. Kg1 f5 47. h7
f4 48. h8=Q Rb1+ 49. Kh2 1-0

[Event "Strasbourg II-Montrevel en Bresse"]
[Site "Montrevel en Bresse"]
[Date "2007.11.24"]
[Round "2.7"]
[White "Roos, Louise"]
[Black "Testard, Philippe"]
[Result "1-0"]
[WhiteElo "1926"]
[BlackElo "2011"]
[PlyCount "80"]
[EventDate "2007.11.24"]
[SourceDate "2007.10.27"]

1. e4 c5 2. Nf3 e6 3. d4 cxd4 4. Nxd4 Nc6 5. Nc3 a6 6. Be2 Qc7 7. O-O Nf6 8.
Re1 Bb4 9. Bf1 Nxd4 10. Qxd4 Bc5 11. Qd1 h5 12. h3 d6 13. Na4 Ba7 14. Be3 b5
15. Bxa7 Rxa7 16. Nc3 Bd7 17. Qd4 Rb7 18. Rad1 Ke7 19. e5 dxe5 20. Rxe5 Kf8 21.
Rc5 Qb8 22. Be2 Be8 23. Qb4 Kg8 24. Bf3 Rb6 25. Qd4 b4 26. Ne4 Nd5 27. Ng5 Nf6
28. c4 bxc3 29. bxc3 Rb5 30. c4 Rxc5 31. Qxc5 Nd7 32. Qd4 Qc7 33. Rb1 Nc5 34.
Ne4 Nxe4 35. Qxe4 g6 36. Qa8 Qd7 37. Rb8 Kf8 38. Bc6 Qd1+ 39. Kh2 Qd6+ 40. g3
Qd2 1-0

[Event "Strasbourg II-Montrevel en Bresse"]
[Site "Montrevel en Bresse"]
[Date "2007.11.24"]
[Round "2.8"]
[White "Damboise, Pierre Olivier"]
[Black "Mametov, Bakhitiar"]
[Result "1-0"]
[WhiteElo "1935"]
[BlackElo "1810"]
[PlyCount "67"]
[EventDate "2007.11.24"]
[SourceDate "2007.10.27"]

1. e4 c5 2. Nf3 d6 3. c3 Nf6 4. Bd3 e6 5. Bc2 Nc6 6. O-O Be7 7. Re1 e5 8. d3
Be6 9. Nbd2 a6 10. h3 O-O 11. Nf1 Re8 12. Ne3 Bf8 13. Nh2 g6 14. Nhg4 Bg7 15.
Qf3 Nxg4 16. hxg4 Rf8 17. g3 Qf6 18. Qe2 Qe7 19. Kg2 Qd7 20. Rh1 d5 21. Bd2 d4
22. Nf5 Bxf5 23. gxf5 f6 24. Bb3+ Rf7 25. Be6 Qe7 26. Qg4 Nd8 27. Bd5 g5 28.
cxd4 cxd4 29. Rac1 h6 30. f4 Kh8 31. fxg5 fxg5 32. Bxg5 Bf6 33. Rxh6+ Rh7 34.
Bxf6+ 1-0

[Event "Vandoeuvre II-Bischwiller II"]
[Site "Metz"]
[Date "2007.11.24"]
[Round "2.1"]
[White "Henrichs, Thomas"]
[Black "Eisenbeiser, Amadeus"]
[Result "1/2-1/2"]
[WhiteElo "2498"]
[BlackElo "2316"]
[PlyCount "34"]
[EventDate "2007.11.24"]
[SourceDate "2007.10.27"]

1. d4 d6 2. e4 Nf6 3. Nc3 e5 4. Nf3 Nbd7 5. Bc4 Be7 6. O-O O-O 7. Re1 c6 8. a4
b6 9. b3 a6 10. Bb2 Rb8 11. Bd3 Bb7 12. Ne2 Qc7 13. Ng3 Rfe8 14. c4 exd4 15.
Nxd4 d5 16. exd5 cxd5 17. Qd2 Bd6 1/2-1/2

[Event "Vandoeuvre II-Bischwiller II"]
[Site "Metz"]
[Date "2007.11.24"]
[Round "2.2"]
[White "Saatdjian, Thomas"]
[Black "Henris, Luc"]
[Result "1-0"]
[WhiteElo "2295"]
[BlackElo "2287"]
[PlyCount "127"]
[EventDate "2007.11.24"]
[SourceDate "2007.10.27"]

1. Nf3 f5 2. c4 Nf6 3. Nc3 g6 4. g3 Bg7 5. Bg2 d6 6. d4 O-O 7. O-O Qe8 8. Nd5
Nxd5 9. cxd5 Nd7 10. Ng5 Nf6 11. Qb3 a5 12. a4 Ra6 13. Bd2 Ne4 14. Nxe4 fxe4
15. Qe3 e5 16. dxe6 d5 17. Rac1 c6 18. Qb3 Bxd4 19. e3 Bg7 20. Bh3 Qe7 21. Bc3
Bxc3 22. bxc3 Ra8 23. c4 Bxe6 24. Bxe6+ Qxe6 25. cxd5 Qf7 26. Rfd1 Rad8 27. Rc2
Rd6 28. Rd4 Rxd5 29. Rxd5 cxd5 30. Rd2 Rd8 31. Qb5 Qd7 32. Qxa5 Qd6 33. Qb5 Qc6
34. Qb3 Qc1+ 35. Rd1 Qc6 36. Kg2 Rd7 37. Rd2 Kg7 38. a5 Qc5 39. Qb2+ Kg8 40.
Qe5 Qd6 41. Qxd6 Rxd6 42. Rb2 Rd7 43. g4 Kf7 44. Kg3 Kf6 45. Kh4 Ke5 46. Kg5
Rc7 47. h4 Rf7 48. Kh6 Rc7 49. Rb1 Rf7 50. Re1 Rxf2 51. Kxh7 Rh2 52. h5 Kf6 53.
Kh6 gxh5 54. g5+ Ke6 55. Rg1 Ra2 56. g6 Rxa5 57. g7 Ra8 58. g8=Q+ Rxg8 59. Rxg8
h4 60. Kg5 d4 61. exd4 h3 62. Kf4 Kd5 63. Rd8+ Kc4 64. Kxe4 1-0

[Event "Vandoeuvre II-Bischwiller II"]
[Site "Metz"]
[Date "2007.11.24"]
[Round "2.4"]
[White "Schulz, Vladimir"]
[Black "Julian, Stephane"]
[Result "1-0"]
[WhiteElo "2190"]
[BlackElo "2156"]
[PlyCount "87"]
[EventDate "2007.11.24"]
[SourceDate "2007.10.27"]

1. Nf3 d5 2. c4 c6 3. d4 Nf6 4. Nc3 a6 5. b3 Bg4 6. Ne5 Bf5 7. e3 e6 8. g4 Be4
9. f3 Bg6 10. h4 Bb4 11. Bd2 h5 12. Nxg6 fxg6 13. Bd3 O-O 14. g5 Qd6 15. Rh3
dxc4 16. bxc4 Nfd7 17. Bxg6 e5 18. Bxh5 exd4 19. Ne4 Qe7 20. exd4 a5 21. c5 Na6
22. Qe2 Qe6 23. Bg4 Qd5 24. Nf6+ Rxf6 25. gxf6 Bxd2+ 26. Kf1 Nc7 27. f7+ Qxf7
28. Qxd2 Nf6 29. Kg1 Qc4 30. h5 Rd8 31. Rd1 Nxg4 32. fxg4 Ne6 33. Rd3 Rf8 34.
h6 Rf4 35. h7+ Kh8 36. Qg2 Rf8 37. Rf3 Rd8 38. Qf2 Qd5 39. Rf5 Qe4 40. Qf3 Qc2
41. g5 Rd5 42. Rxd5 cxd5 43. Re1 Qg6 44. Qxd5 1-0

[Event "Vandoeuvre II-Bischwiller II"]
[Site "Metz"]
[Date "2007.11.24"]
[Round "2.5"]
[White "Iglesias, Joachim"]
[Black "Netzer, Jacques"]
[Result "1/2-1/2"]
[WhiteElo "2127"]
[BlackElo "2016"]
[PlyCount "123"]
[EventDate "2007.11.24"]
[SourceDate "2007.10.27"]

1. d4 Nf6 2. c4 g6 3. Nc3 Bg7 4. Nf3 O-O 5. Bg5 d6 6. e3 h6 7. Bh4 g5 8. Bg3
Nh5 9. Qc2 e6 10. Be2 Nd7 11. O-O-O b6 12. Nd2 Nxg3 13. hxg3 Bb7 14. Rh2 f5 15.
g4 f4 16. Bf3 Bxf3 17. Nxf3 fxe3 18. fxe3 Nf6 19. Ne4 Nxe4 20. Qxe4 Qf6 21. Rf1
c5 22. Nd2 Qe7 23. Rhh1 Rxf1+ 24. Rxf1 Rf8 25. d5 Rxf1+ 26. Nxf1 Bxb2+ 27. Kxb2
Qf6+ 28. Kb3 Qxf1 29. Qg6+ Kh8 30. Qxh6+ Kg8 31. Qxe6+ Kg7 32. Qe7+ Kh8 33.
Qd8+ Kh7 34. Qc7+ Kg8 35. Qb8+ Kg7 36. Qc7+ Kg8 37. Qd8+ Kh7 38. Qd7+ Kg8 39.
Qe8+ Kg7 40. Qe7+ Kh8 41. Qe4 Qd1+ 42. Ka3 Qd2 43. Qe8+ Kg7 44. Qe7+ Kh8 45.
Qf8+ Kh7 46. Qf7+ Kh8 47. Qf8+ Kh7 48. Qf7+ Kh6 49. Qh5+ Kg7 50. Qxg5+ Kf7 51.
Qf5+ Kg7 52. Qg5+ Kh7 53. Qf5+ Kg7 54. Qd7+ Kg8 55. Qe8+ Kh7 56. Qe4+ Kh6 57.
Kb3 Qd1+ 58. Qc2 Qxg4 59. Ka4 a6 60. e4 Kg5 61. a3 Kf4 62. Qb1 1/2-1/2

[Event "Vandoeuvre II-Bischwiller II"]
[Site "Metz"]
[Date "2007.11.24"]
[Round "2.6"]
[White "Didier, Quentin"]
[Black "Klipper, Rebecca"]
[Result "0-1"]
[WhiteElo "2080"]
[BlackElo "2069"]
[PlyCount "112"]
[EventDate "2007.11.24"]
[SourceDate "2007.10.27"]

1. c4 c5 2. Nc3 g6 3. g3 Bg7 4. Bg2 Nc6 5. e3 d6 6. Nge2 Be6 7. d3 f5 8. O-O
Nf6 9. b3 Bf7 10. Bb2 O-O 11. d4 cxd4 12. Nxd4 Nxd4 13. Qxd4 Ne4 14. Qd3 Qa5
15. Rac1 Nxc3 16. Bxc3 Bxc3 17. Qxc3 Qxc3 18. Rxc3 Rab8 19. Rd1 Rfc8 20. c5 Rc7
21. b4 b6 22. cxb6 Rxc3 23. bxa7 Rbc8 24. a8=Q Rxa8 25. Bxa8 Bxa2 26. b5 Bc4
27. Rb1 Bd3 28. Bd5+ Kg7 29. b6 Bxb1 30. b7 Be4 31. f3 Rc1+ 32. Kf2 Rb1 33.
fxe4 fxe4 34. Bxe4 Rb5 35. Bc6 Rb2+ 36. Kf3 e6 37. Kf4 Kf6 38. h4 e5+ 39. Kg4
h6 40. h5 gxh5+ 41. Kxh5 Rh2+ 42. Kg4 h5+ 43. Kf3 Rb2 44. Bd5 Ke7 45. Ke4 Kd7
46. Kf5 Kc7 47. Kg5 Rh2 48. g4 hxg4 49. Kxg4 Rd2 50. Be6 Kxb7 51. Kf3 Kc6 52.
e4 Rd3+ 53. Ke2 Ra3 54. Kd2 Kc5 55. Bd5 Kd4 56. Bc6 Re3 0-1

[Event "Vandoeuvre II-Bischwiller II"]
[Site "Metz"]
[Date "2007.11.24"]
[Round "2.7"]
[White "Hoffer, Tristan"]
[Black "Saatdjian, Stephane"]
[Result "1-0"]
[WhiteElo "2038"]
[BlackElo "1875"]
[PlyCount "83"]
[EventDate "2007.11.24"]
[SourceDate "2007.10.27"]

1. d4 Nf6 2. Nf3 g6 3. c4 Bg7 4. Nc3 d5 5. cxd5 Nxd5 6. e4 Nxc3 7. bxc3 c5 8.
h3 O-O 9. Be3 Nc6 10. Qd2 Qa5 11. Rd1 Rd8 12. Bc4 e6 13. O-O b5 14. Be2 Bb7 15.
Qd3 a6 16. Qc2 cxd4 17. cxd4 Rac8 18. Qb3 Ne7 19. Qb1 Qa4 20. Rd2 Rd7 21. Bd1
Qa5 22. Bb3 Rcd8 23. Rfd1 Qc7 24. Ng5 Qd6 25. h4 h6 26. Nh3 Qc6 27. f3 Qc3 28.
Rd3 Qb4 29. a3 Qa5 30. Nf4 e5 31. Ne6 fxe6 32. Bxe6+ Kh7 33. Bxd7 Rxd7 34. dxe5
Rxd3 35. Qxd3 Qc7 36. Qd7 Qc3 37. Bf2 Qxa3 38. Qxb7 Bxe5 39. g3 Qb4 40. Kg2 Kg8
41. Qxa6 Qb3 42. Rd7 1-0

[Event "Vandoeuvre II-Bischwiller II"]
[Site "Metz"]
[Date "2007.11.24"]
[Round "2.8"]
[White "Pomian Saatdjian, Joanna"]
[Black "Vigneron, Jean"]
[Result "0-1"]
[WhiteElo "1240"]
[BlackElo "1940"]
[PlyCount "48"]
[EventDate "2007.11.24"]
[SourceDate "2007.10.27"]

1. d4 f5 2. Nf3 Nf6 3. Bf4 d6 4. e3 g6 5. c4 Bg7 6. Be2 O-O 7. O-O Qe8 8. Nbd2
Nbd7 9. b4 e5 10. dxe5 dxe5 11. Bg3 h6 12. h3 e4 13. Nd4 Ne5 14. c5 Kh7 15.
N2b3 Nd5 16. Qd2 c6 17. a3 g5 18. Bh2 Qg6 19. Kh1 f4 20. g4 f3 21. Bd1 h5 22.
Rg1 hxg4 23. hxg4 Nxg4 24. Rxg4 Bxg4 0-1

[Event "Saverne-Epinal"]
[Site "Metz"]
[Date "2007.11.24"]
[Round "2.1"]
[White "Lanka, Zigurds"]
[Black "Bastian, Herbert"]
[Result "1-0"]
[WhiteElo "2482"]
[BlackElo "2391"]
[PlyCount "75"]
[EventDate "2007.11.24"]
[SourceDate "2007.10.27"]

1. e4 e5 2. Nf3 Nc6 3. Bb5 Nf6 4. d3 d6 5. O-O g6 6. Re1 Bg7 7. d4 Nd7 8. Bg5
f6 9. Be3 O-O 10. Nc3 Nb6 11. h3 Ne7 12. a4 c6 13. Bf1 Be6 14. b3 Qc7 15. Qd2
a6 16. g3 Rad8 17. Bg2 Kh8 18. Rad1 d5 19. a5 Nbc8 20. exd5 Nxd5 21. Nxd5 Bxd5
22. Qb4 Rde8 23. c4 Bxf3 24. Bxf3 e4 25. Bf4 Qd7 26. Bxe4 g5 27. Bc1 f5 28. Bf3
f4 29. g4 Ne7 30. d5 cxd5 31. Bxd5 Nxd5 32. Rxd5 Qc6 33. Rxe8 Rxe8 34. Qd2 h5
35. Rxg5 hxg4 36. Bb2 Bf6 37. Rg6 Rf8 38. Qxf4 1-0

[Event "Saverne-Epinal"]
[Site "Metz"]
[Date "2007.11.24"]
[Round "2.2"]
[White "Adrian, Claude"]
[Black "Uwira, Oliver"]
[Result "0-1"]
[WhiteElo "2279"]
[BlackElo "2293"]
[PlyCount "54"]
[EventDate "2007.11.24"]
[SourceDate "2007.10.27"]

1. c4 e6 2. Nf3 d5 3. d4 Nf6 4. g3 Be7 5. Bg2 O-O 6. Qc2 c5 7. dxc5 Na6 8. O-O
Nxc5 9. Rd1 Nce4 10. Nc3 Nxc3 11. bxc3 Qa5 12. cxd5 exd5 13. Nd4 Bd7 14. Bg5
Ba4 15. Nb3 Qb6 16. Rd4 Bc6 17. Rad1 h6 18. Be3 Qa6 19. Rf4 Rfe8 20. Bd4 Bd6
21. Rxf6 gxf6 22. Bf1 Bb5 23. Qf5 Bxe2 24. Bxf6 Re6 25. Rd4 Bxf1 26. Rg4+ Kf8
27. Nd4 Re1 0-1

[Event "Saverne-Epinal"]
[Site "Metz"]
[Date "2007.11.24"]
[Round "2.3"]
[White "Schlupp, Olivier"]
[Black "Murtez, Hondozi"]
[Result "1/2-1/2"]
[WhiteElo "2135"]
[BlackElo "2316"]
[PlyCount "23"]
[EventDate "2007.11.24"]
[SourceDate "2007.10.27"]

1. e4 c5 2. Nc3 e6 3. g3 Nc6 4. Bg2 Nf6 5. d3 d5 6. exd5 Nxd5 7. Nge2 Nxc3 8.
Nxc3 Be7 9. O-O O-O 10. Bd2 Nd4 11. a4 Qb6 12. b3 1/2-1/2

[Event "Saverne-Epinal"]
[Site "Metz"]
[Date "2007.11.24"]
[Round "2.4"]
[White "Bakalarz, Mietek"]
[Black "Kropp, Volker"]
[Result "1-0"]
[WhiteElo "2342"]
[BlackElo "2112"]
[PlyCount "91"]
[EventDate "2007.11.24"]
[SourceDate "2007.10.27"]

1. d4 Nf6 2. Nf3 c5 3. d5 d6 4. Nc3 g6 5. e4 Bg7 6. Bb5+ Bd7 7. a4 a6 8. Bxd7+
Nbxd7 9. O-O O-O 10. a5 b5 11. axb6 Qxb6 12. Nd2 Ne8 13. Nc4 Qc7 14. Bd2 Nb6
15. Qe2 Nxc4 16. Qxc4 Qb7 17. Rfb1 Nc7 18. Nd1 Qb5 19. Qf1 Qxf1+ 20. Kxf1 f5
21. exf5 Nxd5 22. fxg6 hxg6 23. Ra4 Be5 24. g3 Nb6 25. Rg4 Kg7 26. Bc3 Bf6 27.
h4 Rh8 28. Bxf6+ Kxf6 29. Nc3 d5 30. b4 c4 31. Rf4+ Ke6 32. Re1+ Kd6 33. Rf7
Rae8 34. f4 Rhg8 35. Rh7 e6 36. Kf2 Re7 37. Rh6 Rgg7 38. Kf3 Kd7 39. Ra1 d4 40.
Rd1 d3 41. cxd3 Kc6 42. h5 gxh5 43. dxc4 Nxc4 44. Rxh5 Nb6 45. Ra1 Kb7 46. Ne4
1-0

[Event "Saverne-Epinal"]
[Site "Metz"]
[Date "2007.11.24"]
[Round "2.5"]
[White "Ruffenach, Alain"]
[Black "Grenouilloux, Alain"]
[Result "1/2-1/2"]
[WhiteElo "2069"]
[BlackElo "2130"]
[PlyCount "123"]
[EventDate "2007.11.24"]
[SourceDate "2007.10.27"]

1. d4 d5 2. Nf3 Nf6 3. e3 c6 4. Bd3 Bg4 5. Nbd2 Nbd7 6. c4 e5 7. cxd5 Nxd5 8.
O-O Be7 9. Qb3 exd4 10. exd4 Qb6 11. Qxb6 N7xb6 12. Ne5 Bc8 13. Re1 O-O 14.
Ndf3 Bb4 15. Bd2 f6 16. Nc4 Rd8 17. Nxb6 axb6 18. Bc4 Kf8 19. Bxd5 Bxd2 20.
Nxd2 Rxd5 21. Nc4 Ra6 22. Rad1 Rxa2 23. Nxb6 Rd8 24. Rd2 Be6 25. f3 Bf7 26. Rc1
Ra5 27. Nc4 Bxc4 28. Rxc4 Rad5 29. Rb4 R8d7 30. Kf1 c5 31. Rb5 cxd4 32. Rxd5
Rxd5 33. Ke2 Ke7 34. Kd3 Kd6 35. f4 g6 36. g4 h5 37. h3 hxg4 38. hxg4 g5 39.
Rf2 Kc5 40. Rc2+ Kd6 41. Rf2 b6 42. b4 Kc6 43. f5 Kb5 44. Rc2 Rd6 45. Rb2 Rc6
46. Kxd4 Rc4+ 47. Kd5 Rxg4 48. Ke6 Rxb4 49. Rg2 Rf4 50. Kxf6 g4 51. Kg5 Rf1 52.
Rxg4 Kc5 53. f6 b5 54. Rf4 Rg1+ 55. Kf5 Rg8 56. f7 Rf8 57. Ke6 b4 58. Ke7 Rxf7+
59. Rxf7 b3 60. Ke6 Kc4 61. Ke5 b2 62. Rb7 1/2-1/2

[Event "Saverne-Epinal"]
[Site "Metz"]
[Date "2007.11.24"]
[Round "2.6"]
[White "Simon, Leopold"]
[Black "Berring, Alain"]
[Result "1/2-1/2"]
[WhiteElo "2138"]
[BlackElo "2037"]
[PlyCount "52"]
[EventDate "2007.11.24"]
[SourceDate "2007.10.27"]

1. d4 Nf6 2. Nf3 g6 3. g3 Bg7 4. Bg2 O-O 5. O-O d5 6. Bf4 Nbd7 7. Nbd2 c5 8. c3
Qb6 9. Qb3 c4 10. Qc2 Qa6 11. Ne5 Nb6 12. e4 Be6 13. Bg5 dxe4 14. Be3 Rac8 15.
Nxe4 Nxe4 16. Qxe4 Bd5 17. Qc2 Bxg2 18. Kxg2 Nd5 19. Rfe1 e6 20. Qd2 Bxe5 21.
dxe5 Nxe3+ 22. Qxe3 Rfd8 23. a3 Rd3 24. Qe4 Rcd8 25. Re2 R8d5 26. Rc1 b5
1/2-1/2